MARC details
| 000 -LEADER |
| fixed length control field |
02206cam a22004698i 4500 |
| 001 - CONTROL NUMBER |
| control field |
on1196822605 |
| 003 - CONTROL NUMBER IDENTIFIER |
| control field |
OCoLC |
| 005 - DATE AND TIME OF LATEST TRANSACTION |
| control field |
20220203141526.0 |
| 008 - FIXED-LENGTH DATA ELEMENTS--GENERAL INFORMATION |
| fixed length control field |
200917t20222022nyu e 000 1 eng |
| 010 ## - LIBRARY OF CONGRESS CONTROL NUMBER |
| LC control number |
2020042362 |
| 020 ## - INTERNATIONAL STANDARD BOOK NUMBER |
| International Standard Book Number |
9781984821584 |
| Qualifying information |
(hardcover) |
| 020 ## - INTERNATIONAL STANDARD BOOK NUMBER |
| International Standard Book Number |
198482158X |
| Qualifying information |
(hardcover) |
| 020 ## - INTERNATIONAL STANDARD BOOK NUMBER |
| Cancelled/invalid ISBN |
9781984821591 |
| Qualifying information |
(ebook) |
| 035 ## - SYSTEM CONTROL NUMBER |
| System control number |
(OCoLC)1196822605 |
| Canceled/invalid control number |
(OCoLC)1289506024 |
| 040 ## - CATALOGING SOURCE |
| Original cataloging agency |
DLC |
| Language of cataloging |
eng |
| Description conventions |
rda |
| Transcribing agency |
DLC |
| Modifying agency |
BDX |
| -- |
YDX |
| -- |
CNNWP |
| -- |
LMJ |
| -- |
LJW |
| -- |
LIQ |
| -- |
LE@ |
| -- |
RNL |
| -- |
OCLCF |
| -- |
VP@ |
| -- |
YU6 |
| -- |
OCLCO |
| -- |
UOK |
| 042 ## - AUTHENTICATION CODE |
| Authentication code |
pcc |
| 049 ## - LOCAL HOLDINGS (OCLC) |
| Holding library |
UOKA |
| 050 00 - LIBRARY OF CONGRESS CALL NUMBER |
| Classification number |
PS3569.T33828 |
| Item number |
I58 2022 |
| 082 00 - DEWEY DECIMAL CLASSIFICATION NUMBER |
| Classification number |
813/.54 |
| Edition number |
23 |
| 092 ## - LOCALLY ASSIGNED DEWEY CALL NUMBER (OCLC) |
| Classification number |
FIC STEEL 2022 |
| 999 ## - SYSTEM CONTROL NUMBERS (KOHA) |
| Koha Dewey Subclass [OBSOLETE] |
03752646 |
| 100 1# - MAIN ENTRY--PERSONAL NAME |
| Personal name |
Steel, Danielle |
| Relator term |
author. |
| 245 10 - TITLE STATEMENT |
| Title |
Invisible : |
| Remainder of title |
a novel / |
| Statement of responsibility, etc |
Danielle Steel. |
| 250 ## - EDITION STATEMENT |
| Edition statement |
First edition. |
| 264 #1 - Production, Publication, Distribution, Manufacture, and Copyright Notice. |
| Place of production, publication, distribution, manufacture |
New York : |
| Name of producer, publisher, distributor, manufacturer |
Delacorte Press, |
| Date of production, publication, distribution, manufacture, or copyr |
[2022] |
| 264 #4 - Production, Publication, Distribution, Manufacture, and Copyright Notice. |
| Date of production, publication, distribution, manufacture, or copyr |
�2022 |
| 300 ## - PHYSICAL DESCRIPTION |
| Extent |
272 pages ; |
| Dimensions |
25 cm. |
| 336 ## - Content Type |
| Content type term |
text |
| 337 ## - Media type |
| Media type term |
unmediated |
| 338 ## - Carrier type |
| Carrier type term |
volume |
| 520 ## - SUMMARY, ETC. |
| Summary, etc |
Antonia Adams is the product of a loveless marriage between a beautiful young model and an aristocrat. Unprotected and unloved, she learns that the only way to feel safe is to hide from the dangers around her. Her love of the movies turns into a dream to become a screenwriter, and a summer job at a Hollywood studio. There, a famous British filmmaker notices her, and suddenly she can remain invisible no longer. He wants to put her in a movie and make her a star. When tragedy strikes, she must decide whether she will remain centre stage or become invisible again, where she feels safest. |
| 650 #0 - SUBJECT ADDED ENTRY--TOPICAL TERM |
| Topical term or geographic name as entry element |
Actors |
| Form subdivision |
Fiction |
| 9 (RLIN) |
5675775 |
| 650 #0 - SUBJECT ADDED ENTRY--TOPICAL TERM |
| Topical term or geographic name as entry element |
Screenwriters |
| Form subdivision |
Fiction |
| 9 (RLIN) |
5731552 |
| 650 #0 - SUBJECT ADDED ENTRY--TOPICAL TERM |
| Topical term or geographic name as entry element |
Motion picture producers and directors |
| Form subdivision |
Fiction |
| 9 (RLIN) |
5695037 |
| 650 #0 - SUBJECT ADDED ENTRY--TOPICAL TERM |
| Topical term or geographic name as entry element |
Man-woman relationships |
| Form subdivision |
Fiction |
| 9 (RLIN) |
5674079 |
| 651 #0 - SUBJECT ADDED ENTRY--GEOGRAPHIC NAME |
| Geographic name |
New York (N.Y.) |
| Form subdivision |
Fiction |
| 9 (RLIN) |
5673704 |
| 655 #7 - INDEX TERM--GENRE/FORM |
| Genre/form data or focus term |
Romance fiction |
| Source of term |
lcgft |
| 655 #7 - INDEX TERM--GENRE/FORM |
| Genre/form data or focus term |
Psychological fiction |
| Source of term |
lcgft |
| 9 (RLIN) |
5673631 |
| 776 08 - ADDITIONAL PHYSICAL FORM ENTRY |
| Display text |
Online version: |
| Main entry heading |
Steel, Danielle. |
| Title |
Invisible. |
| Edition |
First edition |
| Place, publisher, and date of publication |
New York : Delacorte Press, [2022] |
| International Standard Book Number |
9781984821591 |
| Record control number |
(DLC) 2020042363 |
| 904 ## - LOCAL DATA ELEMENT D, LDD (RLIN) |
| a |
3734957 |
| b |
03734957 |
| c |
202203734957 |
| 942 ## - ADDED ENTRY ELEMENTS (KOHA) |
| Source of classification or shelving scheme |
Dewey Decimal Classification |
| Koha item type |
BOOK |